Представление документа в формате RUSMARC

ПолеНазваниеЗначение
  Тип записи a
  Библиографический уровень m
001 Контрольный номер RU\NLR\BIBL_A\010704957
005 Дата корректировки 20201206205022.2
010 Индекс ISBN __
a ISBN 978-5-699-77589-7 (в пер.)
d Цена 295-90
021 № государственной регистрации __
b № документа 15-6867
021 № государственной регистрации __
b № документа 2015-6867
100 Данные общей обработки __
a Данные общей обработки 19161017d2015||||||| 0rusy0189 ca
101 Язык документа 1_
a Язык текста rus
c Язык оригинала eng
102 Страна публикации __
a Страна публикации RU|
105 Кодированные данные (монография) __
a Кодированные данные (монография) y|||z|||000zy
200 Заглавие и сведения об ответственности 1_
a Заглавие Подарок ко дню рождения
e Сведения, относящиеся к заглавию [роман : 16+]
f Первые сведения об ответственности Барбара Вайн ; [перевод с английского Н. Х. Ибрагимовой]
b Общее обозначение материала Текст
210 Выходные данные __
a Место издания Москва
c Издательство Эксмо
d Дата издания 2015
215 Физическое описание __
a Объем 349, [1] с.
d Формат 21
225 Серия __
a Серия Роман с тайной
225 Серия __
a Серия Впервые на русском языке!
300 Общие примечания __
a Общие примечания На 4-й с. обл.: Барбара Вайн - псевд. писательницы Рут Ренделл
300 Общие примечания __
a Общие примечания 2000 экз.
330 Аннотация __
a Аннотация У британского политика и парламентария Айвора Тэшема есть любовница по имени Хиби. Сам он не женат, но она замужем, поэтому парочке приходится соблюдать определенные меры предосторожности. У Хиби даже есть специальная подруга, каждый раз обеспечивающая ей алиби на время любовных встреч. Но однажды Айвор решает сделать своей пассии ко дню ее рождения весьма своеобразный подарок - разыграть с помощью двух своих друзей ее похищение ; а потом "киднэпперы" привезут свою "жертву" в дом к Айвору, где ее будет ждать сюрприз… Но машина "похитителей" попала в аварию; выжил лишь водитель, да и тот лишился рассудка. Полиция обнаружила на месте трагедии наручники и пистолет - антураж "преступления". Так похищение стало настоящим. Впрочем, о роли Айвора в этом деле пока почти никто не знает. Никто, кроме одного человека, у которого есть свой интерес…
333 Примечание о целевом назначении __
a Примечание о целевом назначении 16+. Для детей старше 16 лет
606 Тематические рубрики __
a Основная рубрика Художественная литература
606 Тематические рубрики __
a Основная рубрика Литература Европы (произведения)
y Географическая подрубрика Англия
y Географическая подрубрика Великобритания
610 Ключевые слова __
a Ключевые слова английская литература
a Ключевые слова детективные романы
a Ключевые слова зарубежная литература
a Ключевые слова иностранная литература
a Ключевые слова остросюжетные романы
a Ключевые слова тема автокатастроф
a Ключевые слова тема обмана
a Ключевые слова тема политиков
a Ключевые слова тема похищения людей
a Ключевые слова тема расследований
a Ключевые слова тема смерти
a Ключевые слова тема шантажа
686 Индексы других классификаций __
2 Код системы rubbks
a Классификационный индекс 84(4Вел)6-445
700 Автор _1
a Фамилия Ренделл
b Имя Р.
f Даты 1930-
g Полное личное имя Рут
4 Код отношения 070
702 Вторичная интеллектуальная ответственность _1
a Фамилия Ибрагимова
b Имя Н. Х.
4 Код отношения Переводчик
4 Код отношения 730
790 Имя лица - альтернативная форма __
4 Код отношения 070
a Имя лица - альтернативная форма Вайн, Б.
801 Источник записи _0
a Страна RU
b Организация Муниципальное бюджетное учреждение культуры "Централизованная библиотечная система" г. Сургут (Центральная городская библиотека им. А. С. Пушкина)
c Дата составления 20161017
g Правила каталогизации КиК/Коробейникова
801 Источник записи _1
a Страна RU
b Организация Муниципальное бюджетное учреждение культуры "Централизованная библиотечная система" г. Сургут (Центральная городская библиотека им. А. С. Пушкина)
c Дата составления 20161017
g Правила каталогизации КиК/Коробейникова
852 Данные о местонахождении __
j Шифр хранения 84(4Вел)6-445
i Авторский знак Р 39
901 Тип документа __
t Тип документа m
903 Характеристики (МАРС) __
a Дата передачи 20161017
990 Данные о заказе (DOS) __
j Количество экземпляров (DOS) 6
t N записи в КСУ для И/У (DOS) 201610